00599nam a22001937a 450000500170000001000150001702000260003203500140005803700130007208200130008510000200009824500860011826000300020427000830023430000260031749000230034350000190036670000200038520161122165518.0 aENG-116612 a9789351436065c995.00 aEN-100144 bDBAD/PUB a342.5402 aBhat,P. Ishwara aLimited government and Judicial review /cby Durga Das Basu [and] P. Ishwara Bhat aGurgaonbLexisNexisc2016 a14th Floor, Building No.10, Tower-B, DLF Cyber City, Phase-IIbGurgaone122002 aixxxi,703p.c24cm(Hb) aTagore law lecture aIncludes index aBhat,P. Ishwara